LEADER 04525nam 2200613 450 001 9910480011003321 005 20180731044350.0 010 $a1-4704-1686-7 035 $a(CKB)3150000000020200 035 $a(EBL)3114344 035 $a(SSID)ssj0001266212 035 $a(PQKBManifestationID)11738187 035 $a(PQKBTitleCode)TC0001266212 035 $a(PQKBWorkID)11249889 035 $a(PQKB)10848407 035 $a(MiAaPQ)EBC3114344 035 $a(PPN)197102611 035 $a(EXLCZ)993150000000020200 100 $a20150415h20142014 uy 0 101 0 $aeng 135 $aur|n|---||||| 181 $ctxt 182 $cc 183 $acr 200 10$aMathematics of continuous and discrete dynamical systems $eAMS Special Session in Honor of Ronald Mickens's 70th birthday Nonstandard Finite-Difference Discretizations and Nonlinear Oscillations, January 9-10, 2013, San Diego, CA /$fAbba B. Gumel, editor 210 1$aProvidence, Rhode Island :$cAmerican Mathematical Society,$d2014. 210 4$dİ2014 215 $a1 online resource (310 p.) 225 1 $aContemporary Mathematics ;$v618 300 $aDescription based upon print version of record. 311 $a0-8218-9862-0 320 $aIncludes bibliographical references at the end of each chapters. 327 $a""Preface""; ""Biographical Summary of Ronald E. Mickens""; ""Deterministic and Stochastic SIR Epidemic Models with Power Function Transmission and Recovery Rates""; ""1. Introduction""; ""2. ODE Model""; ""3. CTMC Model""; ""4. SDE Model""; ""5. Computational Results""; ""6. Summary""; ""Acknowledgments""; ""References""; ""Evaluating the Cost-Effectiveness of Vaccination Programs""; ""1. Introduction""; ""2. Background and modeling framework""; ""3. Model extensions and future research""; ""4. Summary and concluding remarks""; ""References"" 327 $a""A Simple Two-Patch Epidemiological Model with Allee Effects and Disease-Modified Fitness""""1. Introduction""; ""2. A two-patch SI model""; ""3. Endemic states""; ""4. The effects of dispersal""; ""5. Discussion""; ""6. Proofs""; ""Acknowledgements""; ""References""; ""Designing NSFD Methods for Models of Population Interactions""; ""1. Introduction""; ""2. Definitions and Preliminaries""; ""3. PESN methods for systems with hyperbolic equilibria""; ""4. PAESN methods for systems with non-hyperbolic equilibria""; ""5. Numerical Simulations""; ""6. Discussion and Conclusions"" 327 $a""References""""Nonstandard Discretizations of the SIS Epidemiological Model with and without Diffusion""; ""1. Introduction""; ""2. Qualitative properties of the model""; ""3. Nonstandard Runge-Kutta Method for the SIS Model""; ""4. NSFD scheme for the SIS model""; ""5. NSFD schemes for SIS-Diffusion Model""; ""6. Conclusion""; ""Acknowledgements""; ""References""; ""Galerkin-Least Squares Approximations for Delay Differential Equations: Application to a Circadian Rhythm Model""; ""1. Introduction""; ""2. Galerkin-Least Squares Approximation""; ""3. DDE Model for Circadian Rhythm"" 327 $a""4. Equilibria and Linear Stability Analysis""""5. Numerical Simulations""; ""Conclusions""; ""Acknowledgements""; ""References""; ""Exact Finite Difference Schemes""; ""1. Introduction""; ""2. Exact Finite Difference Schemes for ODEs""; ""3. First-order linear system of two equations""; ""4. Exact finite difference schemes for some PDEs""; ""5. Discussion""; ""Acknowledgements""; ""References""; ""Design and Analysis of NSFD Methods for the Diffusion-Free Brusselator""; ""1. Introduction""; ""2. The diffusion-free Brusselator system""; ""3. Design of NSFD methods"" 327 $a""6. Conclusions and perspectives"" 410 0$aContemporary mathematics (American Mathematical Society) ;$v618. 606 $aNonlinear oscillations$vCongresses 606 $aDifferential equations$xAsymptotic theory$vCongresses 608 $aElectronic books. 615 0$aNonlinear oscillations 615 0$aDifferential equations$xAsymptotic theory 676 $a515.392 702 $aMickens$b Ronald E.$f1943- 702 $aGumel$b Abba B.$f1966- 712 12$aAMS Special Session in Honor of Ronald Micken's 70th Birthday on Nonstandard Finite-Difference Discretizations and Nonlinear Oscillations 801 0$bMiAaPQ 801 1$bMiAaPQ 801 2$bMiAaPQ 906 $aBOOK 912 $a9910480011003321 996 $aMathematics of continuous and discrete dynamical systems$92214726 997 $aUNINA LEADER 04386nam 2200997Ia 450 001 9910778103303321 005 20200520144314.0 010 $a0-8147-5989-0 010 $a0-8147-6115-1 010 $a1-4356-0734-1 024 7 $a10.18574/nyu/9780814761151 035 $a(CKB)1000000000479507 035 $a(EBL)865725 035 $a(OCoLC)779828217 035 $a(SSID)ssj0000211004 035 $a(PQKBManifestationID)11197038 035 $a(PQKBTitleCode)TC0000211004 035 $a(PQKBWorkID)10291146 035 $a(PQKB)11703531 035 $a(OCoLC)816496719 035 $a(MdBmJHUP)muse10577 035 $a(Au-PeEL)EBL865725 035 $a(CaPaEBR)ebr10189765 035 $a(DE-B1597)548082 035 $a(DE-B1597)9780814761151 035 $a(MiAaPQ)EBC865725 035 $a(EXLCZ)991000000000479507 100 $a20061218d2007 uy 0 101 0 $aeng 135 $aur|n|---||||| 181 $ctxt 182 $cc 183 $acr 200 10$aNewark$b[electronic resource] $ea history of race, rights, and riots in America /$fKevin Mumford 210 $aNew York $cNew York University Press$dc2007 215 $a1 online resource (320 p.) 225 1 $aAmerican history and culture 300 $aDescription based upon print version of record. 311 $a0-8147-9563-3 311 $a0-8147-5717-0 320 $aIncludes bibliographical references (p. 225-285) and index. 327 $aContents; Acknowledgments; List of Abbreviations; Introduction; I Integration; 1 The Central Ward and the Rites of the Public Sphere; 2 Double V in New Jersey; 3 The Construction of Integration; 4 The Limits of Interracial Activism; 5 Brutal Realities and the Roots of the Disorders; II Uprising; 6 Testimonies to Violation and Violence; 7 The Reconstruction of Black Womanhood; 8 Baraka v. Imperiale: The Excesses of Racial Nationalism; 9 Black Power in Newark; Epilogue; Notes; Index; About the Author 330 $aNewark's volatile past is infamous. The city has become synonymous with the Black Power movement and urban crisis. Its history reveals a vibrant and contentious political culture punctuated by traditional civic pride and an understudied tradition of protest in the black community. Newark charts this important city's place in the nation, from its founding in 1666 by a dissident Puritan as a refuge from intolerance, through the days of Jim Crow and World War II civil rights activism, to the height of postwar integration and the election of its first black mayor. In this broad and balanced histor 410 0$aAmerican history and culture. 606 $aAfrican Americans$xCivil rights$zNew Jersey$zNewark$xHistory$y20th century$vSources 606 $aCivil rights movements$zNew Jersey$zNewark$xHistory$y20th century 606 $aRiots$zNew Jersey$zNewark$xHistory$y20th century 606 $aAfrican Americans$zNew Jersey$zNewark$xPolitics and government$y20th century 606 $aBlack nationalism$zNew Jersey$zNewark$xPolitics and government$y20th century 606 $aWritten communication$xPolitical aspects$zNew Jersey$zNewark$xHistory$y20th century 607 $aNewark (N.J.)$xRace relations$xHistory$y20th century 607 $aNewark (N.J.)$xPolitics and government$y20th century 607 $aNewark (N.J.)$xRace relations$xHistory$y20th century$vSources 610 $aAfrican. 610 $aAmerican. 610 $aAmericans. 610 $aFrom. 610 $aNewark. 610 $acentury. 610 $acities. 610 $aconflict. 610 $aethnic. 610 $aexplains. 610 $ahousing. 610 $aimpact. 610 $amigration. 610 $apublic. 610 $areconstruction. 610 $arise. 610 $asouth. 610 $atwentieth. 615 0$aAfrican Americans$xCivil rights$xHistory 615 0$aCivil rights movements$xHistory 615 0$aRiots$xHistory 615 0$aAfrican Americans$xPolitics and government 615 0$aBlack nationalism$xPolitics and government 615 0$aWritten communication$xPolitical aspects$xHistory 676 $a305.896/07309749320904 700 $aMumford$b Kevin J$01043300 801 0$bMiAaPQ 801 1$bMiAaPQ 801 2$bMiAaPQ 906 $aBOOK 912 $a9910778103303321 996 $aNewark$93842441 997 $aUNINA